000 00684nam a2200169 4500
001 179193
003 ES-MaACL
005 20230906220710.0
008 110928s1853 sp |||| | spa d
080 _a353.8(729.1)
100 1 _aGutiérrez de la Concha, José
_cMarqués de La Habana.
_9127742
245 1 0 _aMemorias sobre el estado político, gobierno y administración de la Isla de Cuba /
_cpor el Teniente General Don José Gutiérrez de la Concha.
260 _a[S.l.] :
_b[s.n.],
_c1853 (
_eMadrid :
_fEstab. Tip. de D. José Trujillo)
300 _aIX, 362, 41 p., [1] h. pleg. de mapa ;
_c26 cm.
651 4 _aCuba-
_xAdministración.
_9148085
852 _aES-MaACL
_jF-1311
999 _c179193
_d179193